000 00644nam a2200253Ia 4500
003 OSt
005 20220912145612.0
006 a|||||r|||| 00| 0
007 ta
008 220909b |||||||| |||| 00| 0 eng d
024 _a71058
037 _cTextual
040 _aCSL
_beng
_cCSL
041 _aeng
082 _aB316z7, J5
100 _aGottschalk Walter Halbig
245 0 _aTopological dynamics
260 _c1955
300 _ap.
_ccm.
650 _aTopology
700 _a Hedlund Gustav Arnold
942 _hB316z7, J5
_cTEXL
_2CC
999 _c34761
_d34761